| 000 | 01436cam a22003854 4500 | ||
|---|---|---|---|
| 001 | 198430 | ||
| 003 | SpMaBN | ||
| 005 | 20260608223643.0 | ||
| 008 | 260608s2001 sp | ||| ||spa | ||
| 016 | 7 |
_abimoBNE20020261953 _2SpMaBN |
|
| 017 |
_aM 33242-2001 _bOficina Depósito Legal Madrid |
||
| 020 | _a8427027281 | ||
| 035 | _a(OCoLC)432950014 | ||
| 035 | _a(SpMaBN)bimo0001768957 | ||
| 040 |
_aSpMaBN _bspa _cSpMaBN _erdc |
||
| 080 | _a821.134.2-31"19" | ||
| 100 | 1 |
_aMoncó Rebollo, Beatriz _d1955- _9243192 |
|
| 245 | 1 | 4 |
_aLos demonios de Teresa _cBeatriz Moncó |
| 250 | _aPrimera edición: octubre 2021 | ||
| 260 |
_aMadrid _bMartínez Roca _c2001 |
||
| 300 |
_a204 páginas _c25 cm |
||
| 336 |
_2rdacontent _atexto |
||
| 337 |
_2rdamedia _asin mediación |
||
| 338 |
_2rdacarrier _avolumen |
||
| 440 | 0 |
_aColección Novela histórica _9191425 |
|
| 500 | _aRegistro provisional. DJ-31. Depósito J | ||
| 852 |
_aES-MaACL _cDEPOJ _jDJ-31 _hDonación: José Lázaro García _xEncuadernación cartoné _zEn proceso |
||
| 942 |
_2udc _cMONOGRAFIA _n0 |
||
| 956 | _a2 | ||
| 980 |
_aM 33242-2001 _a84-270-2728-1 _aSpMaBN _bBNALCALA _j12/113882 _cSG_PETANTI |
||
| 980 |
_aM 33242-2001 _a84-270-2728-1 _aSpMaBN _bBNALCALA _jAHM/548148 _cSG_PETANTI |
||
| 980 |
_aM 33242-2001 _a84-270-2728-1 _aSpMaBN _bBNALCALA _jDL/1115317 _cCONSERVACI |
||
| 999 |
_c198430 _d198430 |
||